Statistics for Země končící na I

Click here to take the quiz!

General Stats

  • This quiz has been taken 93 times
  • The average score is 3 of 8

Answer Stats

země% Correct
Kiribati
63%
Haiti
49%
Malawi
49%
Mali
49%
Burundi
41%
Fidži
41%
Eswatini
13%
Spojené
království
1%

Score Distribution

Percentile by Number Answered

Percent of People with Each Score

Your Score History

You have not taken this quiz